000 00621nam a2200217 i 4500
001 67887
003 ES-MaACL
005 20260525062927.0
007 t|
008 040216s1942 ag ||||1| spa d
080 _a821.134.2(87)-31"19"
100 1 _aGallegos, Rómulo.
_953598
245 1 0 _aDoña Bárbara /
_cRómulo Gallegos.
250 _a3ª ed.
260 _a[Buenos Aires] :
_bEspasa-Calpe,
_c[1942] (
_fCía. Gral. Fabril Financiera)
300 _a299 p. ;
_c19 cm.
490 1 _aColección Austral
830 0 _aColección austral
_9177655
852 _aES-MaACL
_jF-14555
_bR.19982
999 _c67887
_d67887